000 00472nam a2200169Ia 4500
008 131103s9999 xx 000 0 und d
040 _aLoreto College
041 _aEnglish
082 _aCHBK-II/NAR
_bLCBED/9869
245 2 _aA treasure of poems
_cedited by N.C.Narayan, H.Joshua & W.C.Braganza
260 _aDelhi
_bPitambar
_c1984
300 _a38p.
_b pic.
_c 17cm.
650 _aCHBK-II
700 _aNarayan, N.C.;ed.
850 _aLCBED/CHBK-II/NAR
942 _cBK
999 _c31469
_d81948